| 000 | 01138cam a2200265 i 4500 | ||
|---|---|---|---|
| 003 | EG-ScBUE | ||
| 005 | 20230223050340.0 | ||
| 008 | 111130s1962 ua a f b 000 0 ara d | ||
| 040 |
_aEG-ScBUE _bara _erda _cEG-ScBUE _dEG-ScBUE |
||
| 082 | 0 | 4 |
_222 _a771.4 _bر ي ا |
| 100 | 1 |
_927953 _aرياض، عبد الفتاح، _eمؤلف. |
|
| 245 | 1 | 2 |
_aالتحميض والطبع والتكبير / _cعبد الفتاح رياض، مراقب عام مصلحة تحقيق الشخصية، أستاذ التصوير بالمعهد العالي للسينما. |
| 250 | _aالطبعة الأولى. | ||
| 264 | 1 |
_aالقاهرة : _bمكتبة الأنجلو المصرية، _c[1962] |
|
| 300 |
_a456 صفحة : _bإيضاحيات ؛ _c24 سم. |
||
| 336 |
_2rdacontent _aنص _btxt |
||
| 337 |
_2rdamedia _aبدون وسيط _bn |
||
| 338 |
_2rdacarrier _aمجلد _bnc |
||
| 490 | 0 |
_a؛ أسس التصوير الضوئي _v2 |
|
| 504 | _aيشتمل على إرجاعات ببليوجرافية. | ||
| 650 | 7 |
_aالأفلام _xتحميض وطبع. _2BUEsh _927954 |
|
| 653 |
_cNovember2011 _bART |
||
| 655 | _vReading book | ||
| 942 |
_2ddc _cBB |
||
| 999 |
_c16281 _d16281 |
||